| 000 | 00882nas a2200277 4500 | ||
|---|---|---|---|
| 001 | BR2014002854 | ||
| 003 | BR-BrBNA | ||
| 005 | 20231205124000.0 | ||
| 007 | ta | ||
| 008 | 230509b bl.|||p| |||| 00| 00por d | ||
| 040 |
_aBR-BrBNA _bpor _cBiblioteca Nacional de Agricultura |
||
| 041 | _a(En) | ||
| 072 | _aH10 | ||
| 100 | 1 | _aSantos, L. da C. dos | |
| 100 | 1 | _aSantos-Cividanes, T.M. dos | |
| 100 | 1 | _aCividanes, F.J. | |
| 100 | 1 | _aMatos, S.T.S. de | |
| 245 | 1 | _aBiological aspects of Harmonia axyridis in comparison with Cycloneda sanguinea and Hippodamia convergens | |
| 650 | _aJOANINHA | ||
| 650 | _aCONTROLE BIOLÓGICO | ||
| 650 | _aLARVA | ||
| 650 | _aLONGEVIDADE | ||
| 773 | 0 |
_tPesquisa Agropecuária Brasileira (Brazil) _xISSN 0100-204X _g(Nov 2013), v. 48(11) p. 1419-1425 _wBR2014002854 |
|
| 909 |
_a202311 _bLúcia _c55 _dLúcia Elande |
||
| 942 |
_2AGRIS _n0 _cANA |
||
| 999 |
_c236744 _d236744 |
||